Statistics for Multiples of 21 Quiz

Click here to take the quiz!

General Stats

  • This quiz has been taken 63 times
  • The average score is 23 of 25

Answer Stats

Answer% Correct
21
98%
42
98%
105
96%
126
96%
147
96%
168
96%
189
96%
63
96%
84
96%
210
94%
231
94%
252
94%
273
94%
294
94%
315
91%
336
91%
357
91%
378
91%
399
91%
420
91%
441
91%
525
91%
462
89%
483
89%
504
89%

Score Distribution

Percentile by Number Answered

Percent of People with Each Score

Your Score History

You have not taken this quiz